=LDR 00000nam 2200000 4500 =001 INLIS000000000037220 =005 20130612142947 =008 ***********************************Ind** =035 ##$$0010-061300000037220 =041 ##$$a Ind =082 ##$$a 641.5 =090 ##$$a 641.5, Erw a =100 ##$$a Erwin, Lilly T =245 ##$$a Aroma rasa kuliner Indonesia, sajian bakwan dan perkedel, Lilly T Erwin =260 ##$$a 2011 $b jakarta =300 ##$$a 56 hlm, ilus, 20 cm =650 ##$$a Masakan-resep =850 ##$$a NBPNMAT =990 ##$$a 21400613/BPAP-NTB/20142014 =990 ##$$a 0001/BPAP-NTB/20142014 =990 ##$$a 0001/BPAP-NTB/2015